000 00598nam a22001697a 4500
003 OSt
005 20171010095459.0
008 120720t xxu||||| |||| 00| 0 eng d
040 _aMMSU
_cULS
100 _aLorenzo, Imelda S.
_911347
245 _aPhytochemical analysis and antimicrobial activity of bignay (Antidesma bubius (L.) Sprengel fruit
_cImelda S. Lorenzo
260 _c3482
300 _axviii, 70 leaves
_c28 cm.
500 _aThesis (BS Biology) -- Mariano Marcos State University-College of Arts & Sciences, Batac City
504 _aBibliography: leaves 35-36
942 _2ddc
_cTHEDIS
999 _c9647
_d9647